000 00756nam a2200205Ii 4500
003 JO-AjNU
008 230606s9999||||xx |||||||||||||| ||und||
020 _a978-1-4129-2732-1/ 978-1-4129-2733-8
040 _aJO-AjNU
_beng
_erda
_cJO-AjNU
041 _aeng
050 1 4 _aHV2483.E23 2007
100 3 _aEasterbrooks, Susan R/ Estes, Ellen L ,
_eauthor
_928
245 0 0 _aHelping deaf and hard of hearing students to use spoken language: A Guide for educators and families
264 3 1 _aThousand Oaks: Corwin Press,2007
300 _a203P
_bIncludes references indexes(p191-203)
336 _atext
_btxt
_2rdacontent
337 _aunmediated
_bn
_2rdamedia
338 _avolume
_bnc
_2rdacarrier
650 4 _aHearing impaired children-Language- Education.
_929
999 _aE18
_c18
_d18